000 00306nam a2200133Ia 4500
005 20260326100037.0
008 260326s9999||||xx |||||||||||||| ||und||
100 _aForum
245 0 _aForum :
_b Brazil 1947 /
_cForum
260 _bForum
300 _a112 p.
650 _aARQUITECTURA REGIONAL
942 _cBK
999 _c6873
_d6873